| 000 | 00492nam a22001937a 4500 | ||
|---|---|---|---|
| 003 | MPLRDC | ||
| 005 | 20220104192834.0 | ||
| 008 | 210129b ||||| |||| 00| 0 eng d | ||
| 020 | _a978-986-173-739-3 | ||
| 082 | _a874.57 PAL | ||
| 100 | _aCHUCK PALAHNIUK | ||
| 245 |
_a斗阵俱乐部 _c余光照 译 |
||
| 250 | _a二板 | ||
| 260 |
_a台湾 _b麦田出版 _c2012 |
||
| 300 | _b平 | ||
| 490 | _a畅小说: RQ7029 | ||
| 650 | _a美国文学--长篇小说 | ||
| 942 |
_cBK _o874.57 PAL |
||
| 999 |
_c64910 _d64900 |
||